Database system concepts (Record no. 489)

000 -LEADER
fixed length control field 00571nam a22002297a 4500
001 - CONTROL NUMBER
control field 489
003 - CONTROL NUMBER IDENTIFIER
control field BD-DhUET
008 - FIXED-LENGTH DATA ELEMENTS--GENERAL INFORMATION
fixed length control field 140722b xxu||||| |||| 00| 0 eng d
020 ## - INTERNATIONAL STANDARD BOOK NUMBER
International Standard Book Number 007124476X
040 ## - CATALOGING SOURCE
Transcribing agency 0
Modifying agency BD-DhUET
082 ## - DEWEY DECIMAL CLASSIFICATION NUMBER
Classification number 005.74
Item number SIL/2006
100 ## - MAIN ENTRY--PERSONAL NAME
Personal name Silberschatz, Abraham
245 ## - TITLE STATEMENT
Title Database system concepts
250 ## - EDITION STATEMENT
Edition statement 5th ed.
260 ## - PUBLICATION, DISTRIBUTION, ETC. (IMPRINT)
Place of publication, distribution, etc. Boston
Name of publisher, distributor, etc. McGraw-Hill
Date of publication, distribution, etc. 2006
300 ## - PHYSICAL DESCRIPTION
Extent xxvi,1142p.
Other physical details ill.
504 ## - BIBLIOGRAPHY, ETC. NOTE
Bibliography, etc Includes bibliographies
650 #0 - SUBJECT ADDED ENTRY--TOPICAL TERM
Topical term or geographic name as entry element Database management
700 ## - ADDED ENTRY--PERSONAL NAME
Personal name Korth, Henry F.
700 ## - ADDED ENTRY--PERSONAL NAME
Personal name Sudarshan, S.
942 ## - ADDED ENTRY ELEMENTS (KOHA)
Koha item type General Book
Holdings
Damaged status Koha date last seen Piece designation (barcode) Price effective from Koha full call number Koha renewals Koha date last borrowed Sublocation or collection (holding branch) Date acquired Shelving location Lost status Not for loan Location (home branch) Copy number Koha normalized classification for sorting Source of classification or shelving scheme Withdrawn status Koha item type Koha issues (times borrowed)
 2014-07-221033202014-07-22007.74/SIL/2006  Central Library, BUET2014-07-22Circulation section  Central Library, BUET1007_000000000000000_74SIL2006  General Book 
 2016-12-241033212014-07-22007.74/SIL/20062 Central Library, BUET2014-07-22Circulation section  Central Library, BUET2007_000000000000000_74SIL2006  General Book 
 2014-08-251033222014-08-25005.74 SIL/2006  Central Library, BUET2014-08-25Circulation section  Central Library, BUET3005_740000000000000_SIL2006  General Book 
 2021-12-181033232014-08-25005.74/SIL/2006 2021-12-04Central Library, BUET2014-08-25Circulation section  Central Library, BUET4005_000000000000000_74SIL2006  General Book1
 2014-08-251033242014-08-25005.74/SIL/2006  Central Library, BUET2014-08-25Circulation section  Central Library, BUET5005_000000000000000_74SIL2006  General Book 
 2014-08-251033252014-08-25005.74/SIL/2006  Central Library, BUET2014-08-25Circulation section  Central Library, BUET6005_740000000000000_SIL_2006  General Book 
 2017-07-161033262014-08-25005.74/SIL/2006 2017-07-01Central Library, BUET2014-08-25Circulation section  Central Library, BUET7005_740000000000000_SIL_2006  General Book1
 2014-08-251033272014-08-25005.74/SIL/2006  Central Library, BUET2014-08-25Circulation section  Central Library, BUET8005_000000000000000_74SIL2006  General Book 
 2014-08-251033282014-08-25005.74/SIL/2006  Central Library, BUET2014-08-25Circulation section  Central Library, BUET9005_000000000000000_74SIL2006  General Book 
 2014-08-251033292014-08-25005.74/SIL/2006  Central Library, BUET2014-08-25Circulation section  Central Library, BUET10005_000000000000000_74SIL2006  General Book 
 2015-06-091021722015-06-09005.74/SIL/2006  Central Library, BUET2015-06-09Reading section  Central Library, BUET11005_740000000000000_SIL_2006  Reading Item 
 2015-06-091025542015-06-09005.74/SIL/2006  Central Library, BUET2015-06-09Reading section  Central Library, BUET12005_740000000000000_SIL_2006  Reading Item